| 000 | 01044 a2200241 4500 | ||
|---|---|---|---|
| 003 | Nust | ||
| 005 | 20221028142930.0 | ||
| 010 | _a 96077855 | ||
| 020 | _a1568303262 | ||
| 035 | _a(OCoLC)36571948 | ||
| 040 | _cNust | ||
| 082 | _a006.6,BAR | ||
| 100 | 1 |
_aBaron, Cynthia. _9101643 |
|
| 245 | 1 | 0 |
_aCreating a digital portfolio / _cCynthia Baron. |
| 260 |
_aIndianapolis, Ind. : _bHayden Books, _cc1996. |
||
| 300 |
_axix, 244 p. : _bill. ; _c24 cm. + _e1 computer laser optical disc (4 3/4 in.) |
||
| 505 | _aIntroduction (Page-1), Developing A Good Portfolio For Any Medium (Page-9),Choosing Your Portfolio Medium (Page-25), Pre Portfolio Considerations (Page-41), Preparing Work For Disk (Page-61), Portfolio To Go (Page-95), Work On The Web (Page-117), Intellectual Property (Page-171), Finishing Touches (Page-183). | ||
| 650 | 0 |
_aArt portfolios _xDesign. _9101644 |
|
| 650 | 0 |
_aComputer graphics. _91225 |
|
| 650 | 0 |
_aDesign services _xMarketing. _933884 |
|
| 650 | 0 |
_aGraphic arts _xMarketing. _9101645 |
|
| 942 |
_cREF _2ddc _k006.6,BAR |
||
| 999 |
_c175456 _d175456 |
||